Interpretar la Revolución Rusa: el lenguaje y los símbolos de 1917
Uloženo v:
| Hlavní autoři: | , |
|---|---|
| Médium: | Kniha |
| Jazyk: | španělština |
| Vydáno: |
Madrid
Biblioteca Nueva
2001
Madrid Universitat de València 2001 |
| Vydání: | 1a. ed |
| Edice: | Colección Historia, 13
|
| Témata: | |
| Tagy: |
Přidat tag
Žádné tagy, Buďte první, kdo vytvoří štítek k tomuto záznamu!
|
MARC
| LEADER | 00000nam a2200000 a 4500 | ||
|---|---|---|---|
| 001 | UCJ9944 | ||
| 003 | CL-VaPUC | ||
| 008 | 070413e20010000sp |||||||||||||||||spa|d | ||
| 020 | |a 8470308548 | ||
| 082 | 0 | 4 | |a 947.084 |b FIG |2 21 |
| 100 | 0 | |a Figes, Orlando |e author |9 520020 | |
| 700 | 0 | |a Kolonitskii, Boris |e author |9 520021 | |
| 245 | 1 | 0 | |a Interpretar la Revolución Rusa: el lenguaje y los símbolos de 1917 |
| 250 | |a 1a. ed | ||
| 300 | |a 253 p | ||
| 942 | |c BK | ||
| 945 | |d 20070413 00:00:00 |a lvergara | ||
| 260 | |a Madrid |b Biblioteca Nueva |c 2001 | ||
| 260 | |a Madrid |b Universitat de València |c 2001 | ||
| 650 | 0 | |a Historia |9 255047 | |
| 650 | 0 | |a Revolución rusa |9 343225 | |
| 650 | 7 | |a REVOLUCION RUSA 1917 |2 CL-VaPUC |9 366175 | |
| 650 | 7 | |a HISTORIA RUSA |2 CL-VaPUC |9 350333 | |
| 651 | 0 | |a Unión Soviética |9 256769 | |
| 651 | 0 | |a Rusia |9 256106 | |
| 583 | |a last modification |c 20171005 11:27:34 |k Rodrigo Vera | ||
| 490 | 0 | |a Colección Historia, 13 | |
| 999 | |c 325287 |d 325285 | ||
| 952 | |0 0 |1 0 |4 0 |6 947_084000000000000_FIG_2001_2001 |7 0 |8 A |9 405930 |a BIBHIS |b BIBHIS |d 2019-11-22 |i 4326946 |o 947.084 FIG 2001 2001 |p 4326946 |r 2025-01-20 |w 2019-11-22 |y BK |k HIS | ||